[Event "Vienna Millenium"]
[Site "Vienna"]
[Date "1996.08.13"]
[Round "5"]
[White "Topalov, Veselin"]
[Black "Leko, Peter"]
[Result "0-1"]
[WhiteElo "2750"]
[BlackElo "2630"]
[Annotator "Leko,P"]
[PlyCount "56"]
[EventDate "1996.08.09"]
[EventType "tourn"]
[EventRounds "9"]
[EventCountry "AUT"]
[EventCategory "18"]
[SourceTitle "CBM 055"]
[Source "ChessBase"]
[SourceDate "1996.12.01"]
[SourceVersion "1"]
[SourceVersionDate "1996.12.01"]
[SourceQuality "1"]

1. e4 {Ftacnik} c6 2. d4 d5 3. exd5 cxd5 4. c4 Nf6 5. Nc3 Nc6 $5 6. Bg5 Be6 $1
7. a3 Qd7 (7... g6 {Ftacnik} 8. Bxf6 exf6 9. c5 $14) (7... h6 {Survey CBM 55})
(7... Bg4 {Ftacnik} 8. f3 Be6 9. c5 g6 10. Bb5 Bg7 11. Nge2 O-O 12. O-O Bf5 13.
b4 a6 14. Ba4 h6 15. Be3 Ne8 16. Qd2 Kh7 17. Ng3 e6 18. Nge2 g5 19. Bc2 Bxc2
20. Qxc2+ f5 21. Rab1 Nf6 22. a4 {Kasparov,G-Dreev,A/Moscow PCA-Intel GP 25' 
(2.1) 1996/0-1 (81)}) 8. Bxf6 (8. b4 {Survey CBM 55}) (8. f3 {Survey CBM 55}) (
8. c5 {Ftacnik} Ne4 $1 $10) 8... gxf6 $1 9. g3 $6 $146 (9. b4 $13) (9. c5 {
Ftacnik} Bg4 10. Nge2 Bh6 11. h3 Bh5 12. Qd3 f5 13. f4 Bxe2 14. Bxe2 Bg7 15.
Rd1 Nxd4 16. Qg3 Kf8 17. O-O Nxe2+ 18. Nxe2 e6 19. b4 Bf6 20. Qd3 a6 21. Nd4
Rg8 22. Qb3 Kg7 23. Kh1 Kh8 {Grabics,M-Horvath,Ju/HUN-chW (08)/1993/0-1 (82)})
9... O-O-O $1 10. Bg2 Bg4 $1 (10... dxc4 $2 11. d5 Ne5 (11... Qc7 {Ftacnik} 12.
Qa4 Qe5+ 13. Nge2 Rxd5 14. Nxd5 Bxd5 15. Bxd5 Qxd5 16. O-O $13) 12. dxe6 Qxe6
13. Qe2 $18) 11. f3 (11. Nge2 dxc4 12. d5 (12. Qa4 Bxe2 13. Nxe2 Nxd4 $17)
12... Ne5 $17) 11... Be6 12. c5 (12. f4 Bg4 $1 13. Qa4 e5 $3 (13... Nxd4 $2 14.
Qxa7 Nc2+ 15. Kf2 Nxa1 16. Nxd5 $18) 14. cxd5 Nxd4 $19) 12... Bf5 $1 13. b4 (
13. f4 {Ftacnik} e5 $1) 13... e5 14. Nge2 Qe6 $1 15. dxe5 (15. O-O exd4 16.
Nxd4 $2 Qe3+ $19) (15. Kf2 Bh6 16. Re1 (16. f4 exf4 17. Nxf4 Bxf4 18. gxf4 Be4
$1 $17 (18... Be4 {Ftacnik} 19. Re1 f5 $40)) (16. Nb5 exd4 $17) 16... Be3+ $3
17. Kxe3 exd4+ 18. Kf2 Qe3+ 19. Kf1 dxc3 $19) (15. Kf1 {Ftacnik} Bh6) 15... d4
$1 (15... fxe5 $17) 16. Ne4 (16. Nf4 $1 {Ftacnik} Qxe5+ 17. Ne4 d3 (17... Bxe4
18. fxe4 f5 19. Nd3 Qe6 20. Nf4 Qe7 21. Qh5) 18. Ra2 $15) 16... d3 17. Nf4 d2+
$1 18. Kf2 (18. Qxd2 Rxd2 19. Nxe6 Rxg2 20. Nxf8 Bxe4 $19) (18. Nxd2 Qxe5+ 19.
Ne2 (19. Kf2 {Ftacnik} Qb2 20. Ke1 Rxd2 $19) 19... Rxd2 $3 20. Kxd2 Bh6+ 21.
Ke1 (21. f4 {Ftacnik} Rd8+ 22. Ke1 Rxd1+ 23. Rxd1 Qb2 $19) 21... Rd8 $19) 18...
Qc4 $3 (18... Qxe5 19. Qe2 (19. Ne2 {Ftacnik} Bxe4 20. fxe4 Bh6 $17) 19... Qd4+
20. Qe3) 19. Bh3 (19. exf6 Qd4+ 20. Ke2 Bh6 $19) (19. Nd6+ Bxd6 20. exd6 (20.
cxd6 {Ftacnik} Qd4+ 21. Kf1 Nxe5 22. Ne2 Qxd6) 20... Qd4+ 21. Kf1 Rhe8 $19) (
19. Nxd2 {Ftacnik} Qd4+ 20. Ke1 Qxe5+ 21. Ne2 Rxd2 $1) 19... Bxh3 20. Nxh3 Qd4+
21. Kg2 (21. Ke2 {Ftacnik} Qxe5 22. Kf2 f5 $19) 21... Nxe5 $19 22. Qb3 (22. Ra2
{Ftacnik} Nc4 $19) 22... Nc4 23. Rhd1 f5 $1 (23... Ne3+ $6 {Ftacnik} 24. Kh1
Nxd1 25. Rxd1 Bh6 26. Nd6+ $15) 24. Neg5 (24. Nd6+ {Ftacnik} Bxd6 25. cxd6 Ne3+
26. Kh1 Nxd1 27. Rxd1 Qxd6 $19) 24... Rd7 25. f4 Bg7 $1 26. Nf2 (26. Rab1 {
Ftacnik} Ne3+ 27. Kh1 Nxd1 28. Rxd1 Re8 29. Nf3 Qc3 $19) 26... Qd5+ 27. Nf3
Bxa1 28. Rxa1 Re8 (28... Re8 {Ftacnik} 29. Nd1 Ne3+ 30. Qxe3 Rxe3 31. Nxe3 Qe4
$19) 0-1

[Event "Las Palmas"]
[Site "Las Palmas"]
[Date "1996.12.11"]
[Round "3"]
[White "Topalov, Veselin"]
[Black "Karpov, Anatoly"]
[Result "1/2-1/2"]
[WhiteElo "2750"]
[BlackElo "2775"]
[Annotator "Kramnik,V"]
[PlyCount "53"]
[EventDate "1996.12.08"]
[EventType "tourn"]
[EventRounds "10"]
[EventCountry "ESP"]
[EventCategory "21"]
[SourceTitle "CBM 057"]
[Source "ChessBase"]
[SourceDate "1997.04.01"]
[SourceVersion "1"]
[SourceVersionDate "1997.04.01"]
[SourceQuality "1"]

1. Nf3 {Shamkovich} d5 2. d4 e6 3. c4 dxc4 4. e3 a6 5. Bxc4 c5 6. O-O Nf6 7.
Bb3 Nc6 8. Qe2 cxd4 9. Rd1 d3 (9... Be7 {is worse; Black should not give up
the center} 10. exd4 O-O 11. Nc3 Na5 $6 12. Bc2 b5 13. Ne5 Bb7 14. Bg5 Nc6 $2
15. Bxf6 Bxf6 16. Qe4 g6 17. Nxc6 Qc7 18. Qf3 b4 (18... Bg7 19. Be4) 19. Qxf6
bxc3 20. Ne7+ {1-0 Petrosian,A-Suetin,A/Memorial T.Petrosian Erevan 1994}) 10.
Rxd3 Qc7 11. Nc3 Be7 12. e4 Nd7 13. Be3 Nc5 14. Rdd1 O-O 15. Rac1 Nxb3 16. axb3
Rd8 17. Na4 Rxd1+ 18. Qxd1 Bd7 19. Bb6 Qc8 20. Ne5 Be8 21. Nd3 e5 22. Nc3 Qe6
23. Nd5 Rc8 24. h3 {game is even} f6 25. Qg4 Qxg4 26. hxg4 Kf7 27. Nxe7 1/2-1/2

[Event "Las Palmas"]
[Site "Las Palmas"]
[Date "1996.12.19"]
[Round "8"]
[White "Karpov, Anatoly"]
[Black "Topalov, Veselin"]
[Result "1/2-1/2"]
[WhiteElo "2775"]
[BlackElo "2750"]
[Annotator "Stohl,I"]
[PlyCount "140"]
[EventDate "1996.12.08"]
[EventType "tourn"]
[EventRounds "10"]
[EventCountry "ESP"]
[EventCategory "21"]
[SourceTitle "CBM 057"]
[Source "ChessBase"]
[SourceDate "1997.04.01"]
[SourceVersion "1"]
[SourceVersionDate "1997.04.01"]
[SourceQuality "1"]

1. d4 {Shamkovich} Nf6 2. Nf3 e6 3. c4 c5 4. d5 d6 5. Nc3 exd5 6. cxd5 g6 7. e4
Bg7 8. h3 O-O 9. Bd3 b5 $5 {This tactical shot initiates a forced sequence, in
which Black's chances are certainly better, than in the quiet lines. After e.g.
9...Nbd7 White's center and space advantage give him the upper hand. 
Shamkovich: This sharp continuation leads to interesting complications} 10.
Bxb5 (10. Nxb5 Re8 11. Nd2 Nxd5 12. Nc4 Nb4 13. Be2 Ba6 14. Nbxd6 Re6 15. Bf4
Nd7 16. O-O Ne5 17. Bxe5 Bxe5 18. a3 Rxd6 19. Nxd6 Qxd6 20. axb4 Qxd1 21. Bxd1
(21. Rfxd1 Bxe2 22. Rd2 Bb5 $13) 21... Bxf1 22. Kxf1 cxb4 (22... Bxb2 23. Ra2
Bd4 24. b5 c4 $11) 23. Ra4 a5 24. b3 Rd8 25. Be2 Bc7 {1/2,Hilarp Persson,
T-Gdanski,J/Goteborg Excelsior Cup/1997/}) 10... Nxe4 11. Nxe4 Qa5+ 12. Nfd2
Qxb5 13. Nxd6 Qa6 (13... Qd3 14. N2c4 Qxd1+ 15. Kxd1 {gives White more chances
to get an advantage.}) 14. N2c4 Nd7 15. O-O Nb6 16. Nxb6 Qxb6 17. Nxc8 Raxc8
18. Rb1 $5 {The latest wrinkle. After other moves Black usually quickly
regains his pawn with a drawish position.} Rfd8 $5 ({Not long ago} 18... Qd6 {
was considered the best, as now the d-pawn really falls. But lately White
managed to create some problems for Black especially after this move.} 19. Bg5
$5 (19. Be3 $5 Rfd8 20. Qa4 Qxd5 21. Rfd1 Bd4 22. Rd2 Qc6 23. Qxc6 Rxc6 24. b3
$14 {Kozul,Z-Vranesic,Z/Toronto/1990/}) (19. Re1 Rcd8 20. Bg5 f6 $6 (20... Rd7
$142) 21. Be3 Qxd5 22. Qa4 f5 23. Qxa7 f4 24. Bxc5 Ra8 25. Qe7 Rf7 26. Qe4 $1
$16 {Lima,D-Outerelo,M/Aceimar op/1995/}) (19. Qf3 Rfd8 20. Rd1 Bd4 21. Be3
Qxd5 22. Qxd5 Rxd5 23. Rd2 a5 24. Rbd1 Rb8 25. Kf1 Kg7 26. Rc2 a4 27. Rcd2 Rf5
28. Bxd4+ cxd4 29. b3 axb3 30. axb3 Rxb3 31. Rxd4 {1/2,Smejkal,J-Wahls,M/BL/
1989/}) 19... h6 20. Be3 Rfd8 21. Qa4 Qxd5 22. Qxa7 c4 23. Qa4 Ra8 24. Qc2 Rxa2
25. Rfd1 Qa8 26. Rxd8+ Qxd8 27. Qxc4 Rxb2 28. Rxb2 Bxb2 29. Bxh6 $14 {
Ibragimov,I-Nepomnishay,M/St.Petersburg op/1995/}) 19. Bf4 (19. Bg5 $143 $6 Rd7
20. Qg4 Qb7 21. Rfd1 h5 {1/2,Ibragimov,I-De Firmian,N/Reykjavik op/1994/})
19... Qb7 $1 $146 {Topalov did his homework well and found an important
improvement, which finally checks the dangerous pawn. The previous tries
failed rather drastically, e.g.} (19... Rd7 20. d6 Bf8 21. Qg4 Qb7 22. Rfd1 Rc6
23. Rd2 Bxd6 24. Rbd1 Qc7 25. Rd5 h5 26. Qf3 Kf8 27. Be5 Qd8 28. b3 Qc7 29. Qd3
Ke7 30. g3 h4 31. Qe3 {1-0,Grabarczyk,M-Oliwa,M/POL-ch Brzeg Dolny/1996/}) (
19... Qa6 20. d6 Rd7 21. Qd5 c4 22. Rbd1 Bxb2 23. Rfe1 Bf6 24. Be5 Bxe5 25.
Rxe5 Rf8 26. Re7 Rdd8 27. d7 Qxa2 28. Rde1 Qa4 29. Kh2 a6 30. Rxf7 {1-0,
Rogozenko,D-Marin,M/Bucharest Ciocaltea/1995/}) 20. d6 Bf8 21. Qd2 (21. Qd3 {
Simplest and the best is however} Bxd6 $1 (21... Qb4 $143 22. Qg3 $36 {[%csl
Gd6] o^d6}) (21... c4 22. Qg3 (22. Qd4 Bxd6 23. Bxd6 Rc6 $11) 22... Rc6 23.
Rfd1 Qb6 $5 24. Rd5 (24. d7 Qb7 25. Qg4 h5 $11) 24... Bxd6 25. Rbd1 Be7 $132)
22. Bxd6 Rc6 23. Rfd1 Qd7 $1 {[]} (23... Qb6 $2 24. Bxc5 $16) 24. Qb5 Rxd6 25.
Qxd7 R8xd7 26. Rxd6 Rxd6 $11) 21... Bxd6 22. Bxd6 Rc6 23. Rfd1 Qa6 $1 (23...
Rdxd6 $2 24. Qxd6 Rxd6 25. Rxd6 $16 {Two mobile R are stronger than the Q in
such open positions.}) 24. Qg5 (24. Qc2 Rcxd6 25. Rxd6 Rxd6 26. b3 Rd5 $11)
24... Rdxd6 (24... Rcxd6 $2 25. Qxd8+ Rxd8 26. Rxd8+ Kg7 27. a3 $16) 25. Rxd6
Rxd6 26. Qxc5 Qxa2 $1 $11 {Shamkovich: Tactically, Black holds the equality
Blow for blow.Black has calculated the tactical sequence well and is rewarded
by equality.} 27. Re1 Rd8 ({Also possible was} 27... Re6 28. Rd1 (28. Rxe6 Qxe6
29. Qxa7 Qe1+ 30. Kh2 Qe5+ $11) 28... Re8 $11 (28... Qxb2 $4 29. Rd8+ Kg7 30.
Qf8+ Kf6 31. Qh8+ $18)) 28. b4 a6 29. Qg5 Rf8 (29... Qd5 $4 30. Re8+ $18) (
29... Rc8 $142 $5) 30. h4 {Shamkovich: White is still better, but it is hard
to believe that he can win the game} Qc4 31. Qe7 h5 (31... Rb8 32. Re4 Qd5 $11)
32. g3 {White's pieces are slightly more active, but of course this advantage
is merely formal. Karpov continues to probe in this lifeless position,
probably due to dissatisfaction with his result in Las Palmas.} Rc8 33. Rd1 Qc6
(33... Qc2 34. Rd7 Qf5 35. Kg2 Kg7 $11) 34. Rd6 Qa8 (34... Qf3 $143 $6 35. Qe1
Ra8 36. Qd2 $14) 35. Qe1 Qb7 (35... Rc6 $143 36. Rd7 $36) 36. Qd2 Re8 37. Qc3
Rc8 38. Qd2 Re8 39. Rd5 Qc6 40. Kh2 Qf6 41. Rd4 Qc6 $6 (41... Kg7 $142 42. Rd6
Re6 $11 {Black should have moved his K to a safer place long ago and would
have saved himself the trouble later on.}) 42. Rd6 Qf3 43. Qd4 Qe4 44. Qc3 Qb7
(44... Re6 $5 45. Qc8+ Re8 $142 $11 (45... Kg7 46. Qxa6 Qxb4 {leads to the
position in the game.} (46... Qf3 47. Qa1+ Kh7 48. Rd2))) 45. Rc6 Qb5 46. Rf6
$1 $36 Re7 47. Qc8+ Re8 48. Qxa6 Qxb4 49. Qa2 $1 {This double attack against
f7 and g6 wins a pawn. Luckily for Black the arising Q_|_ doesn't offer Karpov
realistic winning chances.  Shamkovich: suddenly, Topalov realized that he
must give up a pawn (the threat is Rxg6+) Yet it seems that the Queen ending
is still drawn} Re6 $1 {[]} (49... Qe7 $2 50. Rxg6+ Kh7 51. Rg5 $18) 50. Rxe6
fxe6 51. Qxe6+ Kg7 52. Qd7+ Kf6 53. Qc6+ Kg7 54. Qd5 Qc3 55. Kg2 Qf6 56. Qd7+
Kg8 57. Qc7 Qe6 58. Qf4 Qc6+ 59. Kf1 Qe6 60. Qe3 Qc4+ 61. Ke1 Qc2 62. Kf1 Qd1+
63. Kg2 Qd5+ 64. f3 {White can't penetrate anywhere with his K and after
advancing his pawns he will be liable to perpetual check.} (64. Qf3 Qe5 $11)
64... Qa2+ 65. Kh3 Qb1 66. g4 hxg4+ 67. fxg4 Qf1+ 68. Kg3 Qf6 69. Qc5 Qe6 70.
Qc3 Qe4 1/2-1/2

[Event "Frankfurt Classic sim"]
[Site "Frankfurt"]
[Date "1997.??.??"]
[Round "?"]
[White "Topalov, Veselin"]
[Black "Koch, Hans Juergen"]
[Result "1-0"]
[WhiteElo "2725"]
[BlackElo "2075"]
[PlyCount "54"]
[EventDate "1997.??.??"]
[EventType "simul"]
[EventRounds "1"]
[EventCountry "GER"]
[SourceTitle "EXT 1998"]
[Source "ChessBase"]
[SourceDate "1997.11.17"]
[SourceVersion "1"]
[SourceVersionDate "1997.11.17"]
[SourceQuality "1"]

1. Nf3 d6 2. d4 e6 3. e4 Nd7 4. Nc3 Be7 5. Bc4 c6 6. O-O b5 7. Bb3 Nb6 8. a4 b4
9. Ne2 a5 10. Ng3 g6 11. Qd2 Ba6 12. Re1 Bc4 13. Bxc4 Nxc4 14. Qd3 Nb6 15. Nf1
h6 16. c4 Nc8 17. b3 g5 18. d5 exd5 19. cxd5 Nb6 20. Ng3 Kf8 21. Be3 Nf6 22.
Rac1 Ng4 23. Nf5 Nxe3 24. fxe3 g4 25. Nd2 f6 26. Rc2 Kf7 27. Rxc6 Kg6 1-0

[Event "Linares 14th"]
[Site "Linares"]
[Date "1997.02.05"]
[Round "2"]
[White "Topalov, Veselin"]
[Black "Polgar, Judit"]
[Result "1/2-1/2"]
[WhiteElo "2725"]
[BlackElo "2645"]
[Annotator "Psakhis,L"]
[PlyCount "161"]
[EventDate "1997.02.04"]
[EventType "tourn"]
[EventRounds "11"]
[EventCountry "ESP"]
[EventCategory "18"]
[SourceTitle "CBM 057"]
[Source "ChessBase"]
[SourceDate "1997.04.01"]
[SourceVersion "1"]
[SourceVersionDate "1997.04.01"]
[SourceQuality "1"]

1. e4 c5 2. Nf3 e6 3. d4 cxd4 4. Nxd4 Nc6 5. Nc3 Qc7 6. Be3 a6 7. Bd3 b5 8.
Nxc6 Qxc6 9. O-O (9. a3 Bb7 10. O-O Ne7 11. Qg4 Ng6 12. f4 Bc5 13. Bxc5 Qxc5+
14. Kh1 O-O 15. Rae1 f6 $11 {0-1 Minic,D-Taimanov,M/Palma de Mallorca izt 1970
(33)}) 9... Bb7 10. Qd2 (10. Kh1 Nf6 11. f3 Bc5 12. Qe1 Bxe3 13. Qxe3 Qc7 14.
a4 b4 15. Na2 a5 16. c3 bxc3 17. Nxc3 O-O 18. Nb5 Qb8 19. Rfe1 Rc8 $11 {
1/2-1/2 Lutz,C-Ribli,Z/BL 1996 (21)}) (10. Re1 Nf6 11. Bd4 Be7 12. a4 b4 13.
Nb1 d6 14. f3 O-O 15. Nd2 Nd7 16. a5 Rfd8 $11 {1/2-1/2 Damaso,R-Horvath,G/
EU-Cup Thessaloniki 1996 (41)}) 10... Nf6 11. f3 Qc7 {N/} (11... Bc5 12. Kh1
Bxe3 13. Qxe3 b4 14. Ne2 Rg8 15. Rfc1 $1 $14 {Short,N-Rogers,I Manila ol 1992})
12. a4 {Topalov made good preparartion to the game and made first 15 moves in
less then 5 minutes.} b4 13. Ne2 (13. Na2 d5 14. Nxb4 dxe4 15. Be2 Rd8) 13...
Bd6 (13... d5 $5 14. e5 $140 Qxe5 15. Bf4 Qh5 $1 (15... Bc5+ $2 16. Kh1 Qh5 17.
Ng3 Qh4 18. Bg5 Qd4 19. c3 bxc3 20. bxc3 Qe5 21. Bf4 $18) 16. Ng3 Qh4) 14. h3
O-O 15. a5 $5 Bc5 (15... Be7 16. Bd4 d5 $140 17. Bxf6) 16. Bxc5 Qxc5+ 17. Kh1
Bc6 {[%cal Yc6b5,Yb5d3]} (17... d5 $5 18. e5 Ne4 $5 (18... Nd7 19. f4 $14) 19.
Qe1 $1 (19. Qc1 Nf2+ 20. Kh2 Rac8)) 18. c3 bxc3 (18... Rfb8 19. Rfc1) 19. Qxc3
(19. bxc3 d5 (19... e5 $5) 20. e5 Nd7 21. f4 Bb5 22. Bxb5 Qxb5 23. Rfb1 Qc4) (
19. Nxc3 Rfb8) 19... Qxc3 20. Nxc3 (20. bxc3 d5 21. e5 Nd7 22. f4 Nc5 23. Nd4 (
23. Bc2 Bb5) 23... Rfc8 24. Be2 Ne4 $15) 20... Rfb8 $11 {It is clear now, that
black's position not worse.} 21. Rf2 Kf8 (21... Rb4 $5) 22. Na4 Bb5 23. Bc2 (
23. Rd2 Bxd3 24. Rxd3 Rb5 25. Nb6 Rd8 26. b4 Ke7 (26... Rxb4 27. e5) 27. Rc1
Rxb4) 23... d5 ({Interesting was also} 23... Bxa4 24. Bxa4 Ra7 25. Rc1 d5 26.
e5 Nd7 27. f4 Ke7 28. Rc6 Rb4 29. b3 f6 $13) 24. Nb6 dxe4 $1 {Simple but nice
tactical resource.} ({But after} 24... Ra7 25. exd5 Nxd5 26. Nxd5 exd5 {
Black position is also OK.}) 25. fxe4 (25. Nxa8 e3 26. Nc7 (26. Rff1 Bxf1 27.
Rxf1 Rxa8 28. Bd3 Rb8) 26... exf2 27. Nxb5 Rxb5 28. Bd3 Re5 (28... Rxb2 29.
Bxa6 Nd5 30. Bd3 Nb4 31. Bf1 (31. a6 Nxd3 32. a7 f1=Q+ 33. Rxf1 Ra2) 31... Nc2
32. Rc1 Ne3) 29. Rf1 Rxa5 $17) 25... Ra7 26. e5 Nd7 (26... Nd5 $5 27. Nxd5 exd5
28. Rd1 (28. Bxh7 Re7 29. Re1 Rbe8 30. Bg6 Kg8) 28... Bc4) 27. Nxd7+ Rxd7 28.
Bxh7 $1 Rbd8 (28... Rd5 29. Bg6 Be8 30. Raf1 f5 31. Bxe8 Kxe8 $13) 29. Bg6 Ke8
({After} 29... Kg8 $1 {for white it will be not so easy to make draw.For
instance:} 30. Be4 Rd2 31. Rxd2 Rxd2 32. Rc1 g6 33. Rc2 Rd1+ 34. Kh2 Re1 $15)
30. Bh5 g6 31. Bf3 Rd2 32. Kg1 ({Maybe slightly better was} 32. Rxd2 {but after
} Rxd2 33. Rb1 Rd3 (33... Be2 $6 34. Bxe2 Rxe2 35. b4 Rxe5 36. b5 $1 Kd7 37.
bxa6 Rxa5 38. Rb7+ Kd6 39. Rxf7 Rxa6 40. Rg7 $16) 34. Rc1 (34. Be2 Rb3 35.
Bxb5+ Rxb5 36. b4 Kd7 37. Rd1+ Ke7 38. Rd6 Rxb4 39. Rxa6 Rb5 $11) 34... Rd2 35.
Bc6+ Bxc6 36. Rxc6 Rxb2 37. Rxa6 Re2 38. Ra8+ Ke7 39. Ra7+ Kf8 40. a6 Rxe5 41.
Rd7 Ra5 42. a7 Kg7 {ending is drawish}) 32... Rxf2 33. Kxf2 Rd2+ 34. Ke3 Rxb2
35. Kf4 {I,ll prefer to have my K on g8} Rc2 36. Rd1 Ke7 37. Rd4 Ra2 38. h4 {
Topalov lost pawn, but active position of all his pieces+passed pawn h allow
to him with optimism to look in future.} Rxa5 39. g4 Ra3 {Judit could play now
39... Ra4, but she understood that after rooks eschanged her winning chances
will not big enough.} 40. Be4 Be2 41. Rd2 Bc4 42. Bc6 (42. h5 $6 gxh5 43. gxh5
f6 (43... f5 44. Bf3 Rd3) 44. h6 (44. exf6+ $6 Kxf6 45. h6 $4 e5+ 46. Kg4 Be6+
47. Kh4 Rh3#) 44... Rh3 45. h7 f5 46. Bc6 Kf7) 42... Rd3 43. Rb2 (43. Rxd3 $5
Bxd3 44. g5 $1 (44. h5 gxh5 45. gxh5 Bc2 46. Kg5 a5 47. h6 Kf8)) 43... Rb3 44.
Rxb3 Bxb3 45. g5 $1 {It was a good time to finish game, but Judit has not very
good score against Veselin, and she decided to continue to torture her
opponent.} (45. h5 $6 gxh5 46. gxh5 a5 47. Kg5 a4 48. h6 Kf8 49. Kf6 Kg8 $19)
45... Bd5 46. Ba4 Bb7 47. Ke3 Bc8 48. Kd4 Bd7 49. Bd1 a5 50. Kc5 Kd8 51. h5
gxh5 52. Bxh5 Be8 53. Bd1 Kc7 54. Bh5 Kb7 55. Bf3+ Kc8 56. Bd1 Kd8 57. Be2 Ke7
58. Bd1 Kf8 59. Bc2 Kg8 60. Bd1 Kg7 61. Bc2 Kf8 62. Bd1 a4 63. Kb4 Ke7 64. Bc2
(64. Bxa4 $4 Bxa4 65. Kxa4 Kf8 $1 $19) 64... Kd8 65. Bd1 Kc7 66. Bh5 (66. Bf3)
(66. Bg4 $5 a3 $140 67. Kxa3 Kc6 68. g6 $1 fxg6 69. Bxe6 Kc5 70. Kb2 Kd4 71.
Kc2 Kxe5 72. Bc8 $11) 66... a3 $1 {Last chance!} 67. Kxa3 Kc6 68. Kb4 Kd5 69.
Bg4 Kxe5 70. Kc3 $1 ({Veselin avoids last trap} 70. Kc5 $2 Kf4 71. g6 fxg6 72.
Bxe6 Ke5 73. Bc8 Bf7 {is desperate for aWhite.}) 70... Bc6 71. Bh5 $1 Be8 72.
Bg4 Kf4 73. g6 fxg6 (73... f5 74. Bh5 $1 Bxg6 75. Bxg6 Ke3 76. Kc2 f4 77. Kd1
$11) 74. Bxe6 Ke3 75. Bc8 Bc6 76. Be6 Be4 77. Bf7 g5 78. Be6 Kf4 79. Kd2 Bf5
80. Bf7 g4 81. Ke2 (81. Bh5 $2 g3 82. Ke2 Bd3+ $1 $19) (81. Ke2 Kg3 82. Bh5 $11
) 1/2-1/2

[Event "Dos Hermanas"]
[Site "Dos Hermanas"]
[Date "1997.04.01"]
[Round "1"]
[White "Shirov, Alexei"]
[Black "Topalov, Veselin"]
[Result "1/2-1/2"]
[WhiteElo "2690"]
[BlackElo "2725"]
[Annotator "Psakhis,L"]
[PlyCount "82"]
[EventDate "1997.04.01"]
[EventType "tourn"]
[EventRounds "9"]
[EventCountry "ESP"]
[EventCategory "19"]
[SourceTitle "CBM 059"]
[Source "ChessBase"]
[SourceDate "1997.08.01"]
[SourceVersion "1"]
[SourceVersionDate "1997.08.01"]
[SourceQuality "1"]

1. e4 c5 2. c3 e6 3. d4 d5 4. e5 Nc6 5. Nf3 Bd7 6. Be2 Nh6 7. O-O Nf5 8. Na3 (
8. Bd3 cxd4 9. Bxf5 exf5 10. Nxd4 $5 Be7 11. Nf3 Be6 12. Be3 O-O 13. Nbd2 Qc7
14. Re1 b5 $11 {0-1 Qin Kanying-Ulibin,M/Beijing op 1996 (52)}) (8. dxc5 $5
Bxc5 9. Bd3 Nh4 10. Nbd2 h6 11. Qe2 Nxf3+ 12. Nxf3 g5 13. b4 Be7 14. a3 Qc7 15.
Re1 O-O-O 16. Bd2 Kb8 17. Rac1 $16 {1-0 Rozentalis,E-Zakharevich,I/St.
Petersburg Chigorin 1996 (26)}) 8... cxd4 9. cxd4 Bxa3 10. bxa3 Qb6 11. Be3
Nxe3 {N/ Black can and wait with this exchange, but Topalov don't want to be
in hurry with castle.} (11... O-O 12. Bd3 Rac8 13. g4 Nxe3 14. fxe3 Qd8 $13 {
1-0 Rosentalis,E-Zueger,B/Chiasso 1991 (33)}) 12. fxe3 Qd8 $5 (12... O-O 13.
Rb1 Qc7 14. Bd3) 13. Bd3 Rc8 14. Rc1 (14. Rb1 Na5) ({Deserves attention} 14.
Qb1 $5 {[%cal Rd3h7,Rb1b7]} {but after} Rc7 (14... h6 15. e4 $5 (15. Qxb7 Rb8
16. Qa6 Rb6 17. Qa4 Nxe5 18. Nxe5 $1 Bxa4 19. Nxf7 Qe7 20. Nxh8 Qxa3 21. Bg6+
Kd7 $17)) 15. Bxh7 (15. e4 dxe4 16. Bxe4 Qe7 $13) 15... Qe7 16. Bd3 Qxa3 {
Black can get reasonable position.}) 14... Qe7 15. Rc5 O-O (15... b6 16. Rc3
O-O 17. Qc2) 16. Qb1 b6 17. Rc2 (17. Bxh7+ $6 Kh8 18. Rcc1 g6 (18... Qxa3 $5)
19. Bxg6 fxg6 20. Qxg6 Qh7 $15) 17... h6 18. Ba6 Rcd8 (18... Qxa3 $6 19. Bxc8
Qxe3+ 20. Kh1 Rxc8 21. Rfc1 $36 {[%cal Rc2c8]}) 19. Bb5 Na5 20. Rc7 a6 $1 21.
Rxd7 $6 {I suppose, that at that moment Shirov lost chances for advantage.
Stronger was to play} (21. Bxa6 $5 Qxa3 22. Qxb6 Qxe3+ 23. Kh1 $36 {[%csl Ra5]}
) 21... Rxd7 22. Bxd7 Qxd7 23. Qxb6 Qb5 $1 24. Qxb5 (24. Rb1 Qd3 $1) 24... axb5
25. Rb1 Rc8 $44 26. Rxb5 Rc1+ 27. Kf2 Rc2+ 28. Kf1 {[%csl Ra2,Ra3,Re3] White
have to fight for a drawin spite of material advantage.} (28. Kg3 Nc4 29. Rc5
Rxa2 $15) 28... Nc4 29. Rb3 Rxa2 30. Rc3 g6 (30... Nxa3 $6 31. Rc8+ Kh7 32. Ra8
) 31. h4 Kg7 32. e4 $1 $11 dxe4 (32... Nxa3 33. exd5 exd5 34. Rc7 {[%cal Re5e6]
}) 33. Rxc4 exf3 34. gxf3 Rxa3 35. Kf2 Ra2+ 36. Kg3 Rd2 37. Ra4 g5 38. hxg5
hxg5 39. f4 Kg6 40. fxg5 Kxg5 41. Ra7 Rxd4 1/2-1/2

[Event "Amber-blindfold 06th"]
[Site "Monte Carlo"]
[Date "1997.??.??"]
[Round "1"]
[White "Topalov, Veselin"]
[Black "Karpov, Anatoly"]
[Result "1/2-1/2"]
[WhiteElo "2725"]
[BlackElo "2760"]
[PlyCount "117"]
[EventDate "1997.04.18"]
[EventType "tourn (rapid)"]
[EventRounds "11"]
[EventCountry "MNC"]
[EventCategory "18"]
[SourceTitle "CBM 057 Extra"]
[Source "ChessBase"]
[SourceDate "1997.05.01"]
[SourceVersion "1"]
[SourceVersionDate "1997.05.01"]
[SourceQuality "1"]

1. c4 Nf6 2. Nc3 e5 3. Nf3 Nc6 4. g3 Bc5 5. Nxe5 Bxf2+ 6. Kxf2 Nxe5 7. b3 d5 8.
d4 Nc6 9. h3 O-O 10. Bg2 dxc4 11. d5 Ne5 12. Qd4 Nfd7 13. Bf4 Qf6 14. Rhd1 Nd3+
15. Rxd3 cxd3 16. Qxf6 Nxf6 17. e4 c6 18. d6 Be6 19. Rd1 Nd7 20. Rxd3 a5 21.
Rd2 Rfe8 22. e5 h5 23. Re2 Bf5 24. Bf3 Bxh3 25. Bxh5 Be6 26. Re3 Nb6 27. Ne4
Nd5 28. Re2 Bf5 29. Nc5 b6 30. Na4 Rab8 31. Bf3 Be6 32. Rd2 Red8 33. Bxd5 cxd5
34. Be3 b5 35. Nc5 Rdc8 36. a3 b4 37. axb4 axb4 38. Ra2 Ra8 39. Rxa8 Rxa8 40.
d7 d4 41. Bg5 Bxd7 42. Nxd7 Ra2+ 43. Kf3 Rc2 44. Ke4 Rc3 45. Kxd4 Rxb3 46. Bf4
Rf3 47. Nb6 b3 48. Nc4 Kh7 49. e6 fxe6 50. Be5 g5 51. Ke4 Rf2 52. Ke3 Rf5 53.
Kd2 Kg6 54. Kc3 Rf3+ 55. Kb2 Kf5 56. Bc7 Rd3 57. Bb8 g4 58. Bf4 Ke4 59. Ne5
1/2-1/2